Statistics for Are-you fast ? 123 speed test

Click here to take the quiz!

General Stats

  • This quiz has been taken 124 times
  • The average score is 24 of 40

Answer Stats

FiguresAnswer% Correct
11
100%
22
100%
33
98%
44
98%
55
98%
66
98%
77
98%
88
98%
99
96%
1010
89%
1111
89%
1212
87%
1313
87%
1414
85%
1717
83%
1818
83%
1515
81%
1616
81%
1919
79%
2020
74%
2121
70%
2222
57%
2323
57%
2424
49%
2525
49%
2626
49%
2727
40%
2828
40%
2929
34%
3030
23%
3131
23%
3232
19%
3333
17%
3434
11%
3535
11%
3636
11%
3737
9%
3838
6%
3939
6%
4040
6%

Score Distribution

Percentile by Number Answered

Percent of People with Each Score

Your Score History

You have not taken this quiz